000 00780nam a22002777a 4500
001 BR9506750
003 BR-BrBNA
005 20230928094656.0
007 ta
008 230509b bl.||||| |||| 00| 0 por d
040 _aBR-BrBNA
_bpor
_cBiblioteca Nacional de Agricultura
041 _a(Por)
072 _aH01; T10
_b3871
090 _ 3871 BR9506750
110 1 _aEmpresa de Assistencia Tecnica e Extensao Rural do Estado de Mato Grosso, Cuiaba (Brasil)
_94017
245 1 _aDefensivos agricolas e intoxicacao
260 3 _aCuiaba, MT (Brasil):
_c1977.
300 _a45 p.
500 _a7 ref.; 19 tables
650 _aDefensivo
650 _aIntoxicacao
650 _aToxidez
650 _aEfeito Residual
909 _a202309
_bLucia
_c55
_dLucia Elande
942 _cBK
999 _c52018
_d52018